000 00673nam a2200205Ia 4500
005 20241216011438.0
008 190429s9999||||xx |||||||||||||| ||und||
082 _a371.58
_bR53
100 _aCHAVEZ ATAHUAMAN EMMA, RICAPA SUAREZ FILIBERTA ANTONIA, ROBLES LUCIANO LEOCADIA
245 0 _aESTUDIO DE LA VIOLENCIA EN LA EDUCACION DEL NIÑO DE CINCO AÑOS.
250 _a0
260 _aCERRO DE PASCO-PERU
_bUNDAC
_c1995
300 _a148 pag.
_c30 cm.
341 _h0
490 _v0
_a0
505 _aEDUCACION/EDUCACION DEL NIÑO/VIOLENCIA/TEORIAS/FORMAS.
541 _aD
_bRICAPA SUAREZ, FILIBERTA
_d01-Jul-02
_oSoles
650 _aEducación Inicial
942 _cTESIS
999 _c42091
_d42091